<?xml version="1.0" encoding="UTF-8"?>
<collection xmlns:xsi="http://www.w3.org/2001/XMLSchema-instance" xsi:schemaLocation="http://www.loc.gov/MARC21/slim http://www.loc.gov/standards/marcxml/schema/MARC21slim.xsd" xmlns="http://www.loc.gov/MARC21/slim">
 <record>
  <leader>00000cmm a22000004a 4500</leader>
  <controlfield tag="001">UP-99796217611211929</controlfield>
  <controlfield tag="003">Buklod</controlfield>
  <controlfield tag="005">20140423131937.0</controlfield>
  <controlfield tag="006">m    go  j        </controlfield>
  <controlfield tag="007">cr cn |||aaaaa</controlfield>
  <controlfield tag="008">110317s2011    xxu        u |      eng d</controlfield>
  <datafield tag="020" ind1=" " ind2=" ">
   <subfield code="a">9780387473185 (eBook)</subfield>
  </datafield>
  <datafield tag="020" ind1=" " ind2=" ">
   <subfield code="a">0387473181 (eBook)</subfield>
  </datafield>
  <datafield tag="035" ind1=" " ind2=" ">
   <subfield code="a">(iLib)UPD-00214608066</subfield>
  </datafield>
  <datafield tag="040" ind1=" " ind2=" ">
   <subfield code="a">DML</subfield>
  </datafield>
  <datafield tag="041" ind1="0" ind2=" ">
   <subfield code="a">eng</subfield>
  </datafield>
  <datafield tag="042" ind1=" " ind2=" ">
   <subfield code="a">DMLUC</subfield>
  </datafield>
  <datafield tag="082" ind1="0" ind2="4">
   <subfield code="a">621.381</subfield>
   <subfield code="2">22</subfield>
  </datafield>
  <datafield tag="084" ind1=" " ind2=" ">
   <subfield code="a">TK 7875</subfield>
   <subfield code="b">M46 2011eb</subfield>
  </datafield>
  <datafield tag="245" ind1="0" ind2="0">
   <subfield code="a">MEMS materials and processes handbook</subfield>
   <subfield code="h">[electronic resource]</subfield>
   <subfield code="c">edited by Reza Ghodssi, Pinyen Lin.</subfield>
  </datafield>
  <datafield tag="264" ind1=" " ind2="1">
   <subfield code="a">New York</subfield>
   <subfield code="a">London</subfield>
   <subfield code="b">Springer</subfield>
   <subfield code="c">2011.</subfield>
  </datafield>
  <datafield tag="300" ind1=" " ind2=" ">
   <subfield code="a">1 online resource (XXXVI, 1188p.)</subfield>
  </datafield>
  <datafield tag="490" ind1="1" ind2=" ">
   <subfield code="a">MEMS Reference Shelf</subfield>
   <subfield code="v">1</subfield>
  </datafield>
  <datafield tag="505" ind1="0" ind2=" ">
   <subfield code="a">Introduction -- Reza Ghodssi and Pinyen Lin -- The MEMS Design Process --Tina Lamers and Beth Pruitt -- Additive Processes for Semiconductors and Dielectric Materials --Chris Zorman, Robert C. Roberts and Li Chen -- Additive Processes for Metals ? David Arnold, Monika Saumer and Yong Kyu-Yoon -- Additive Processes for Polymeric Materials ? Ellis Meng, Xin Zhang, and William Benard -- Additive Processes for Piezoelectric Materials ? Ronald Polcawich, Jeff Pulskamp, Takashi Mineta, and Yoichi Haga -- Materials and Processes in Shape-Memory Alloy - Takashi Mineta and Yoichi Haga -- Dry Etching for Micromachining Applications --Srinivas Tadigadapa and Franz Laermer -- MEMS Wet-Etch Processes and Procedures ? David Burns -- MEMS Lithography and Micromachining Techniques - Daniel Hines, Nathan Siwak, Lance Mosher and Reza Ghodssi -- Doping - Alan D. Raisanen -- Wafer Bonding --Shawn Cunningham and Mario Kupnik  -- MEMS Packaging Materials -- Ann Garrison Darrin and Robert Osiander -- Surface Treatment and Planarization --Pinyen Lin, Roya Maboudian, Carlo Carraro, Fan-Gang Tseng, Pen-Cheng Wang, and Yongqing Lan -- MEMS Process Integration --Michael Huff, Stephen Bart, and Pinyen Lin.</subfield>
  </datafield>
  <datafield tag="506" ind1=" " ind2=" ">
   <subfield code="a">IP-based subscription, access limited to within on-campus computer network.</subfield>
   <subfield code="c">Access via Electronic Resources of the UPD University Library Website.</subfield>
  </datafield>
  <datafield tag="520" ind1=" " ind2=" ">
   <subfield code="a">Handbook is a comprehensive reference for researchers searching for new materials, properties of known materials, or specific processes available for MEMS fabrication. The content is separated into distinct sections on 'Materials' and 'Processes'. The extensive 'Material Selection Guide' and a 'Material Database' guides the reader through the selection of appropriate materials for the required task at hand. The 'Processes' section of the book is organized as a catalog of various microfabrication processes, each with a brief introduction to the technology, as well as examples of common uses in MEMs. The book also: Provides a comprehensive catalog of various microfabrication processes, each with a brief introduction to the technology, as well as examples of common uses in MEMS Discusses specific MEMS fabrication techniques such as additive, subtractive, and lithography/patterning, as well as wafer bonding, doping, surface treatment/preparation, and characterization techniques Provides the reader with a quick check list of the advantage/disadvantage of fabrication MEMS Material and Processes Handbook will be a valuable book for researchers, engineers and students working in MEMS and materials processing.</subfield>
  </datafield>
  <datafield tag="533" ind1=" " ind2=" ">
   <subfield code="a">Electronic reproduction.</subfield>
   <subfield code="b">New York</subfield>
   <subfield code="c">SpringerLink</subfield>
   <subfield code="d">2011.</subfield>
   <subfield code="n">Available via World Wide Web through SpringerLink.</subfield>
  </datafield>
  <datafield tag="650" ind1=" " ind2="0">
   <subfield code="a">Microelectromechanical systems</subfield>
   <subfield code="x">Materials.</subfield>
  </datafield>
  <datafield tag="650" ind1=" " ind2="0">
   <subfield code="a">Microelectromechanical systems.</subfield>
  </datafield>
  <datafield tag="650" ind1=" " ind2="0">
   <subfield code="a">Electronic books.</subfield>
  </datafield>
  <datafield tag="700" ind1="1" ind2=" ">
   <subfield code="a">Ghodssi, Reza.</subfield>
  </datafield>
  <datafield tag="700" ind1="1" ind2=" ">
   <subfield code="a">Lin, Pinyen.</subfield>
  </datafield>
  <datafield tag="710" ind1="2" ind2=" ">
   <subfield code="a">SpringerLink (Online service).</subfield>
  </datafield>
  <datafield tag="856" ind1="4" ind2="0">
   <subfield code="y">Available for University of the Philippines Diliman via SpringerLink. Click here to access</subfield>
   <subfield code="u">http://link.springer.com/book/10.1007/978-0-387-47318-5</subfield>
  </datafield>
  <datafield tag="905" ind1=" " ind2=" ">
   <subfield code="a">FO</subfield>
  </datafield>
  <datafield tag="950" ind1=" " ind2=" ">
   <subfield code="a">Monograph</subfield>
  </datafield>
  <datafield tag="852" ind1="0" ind2=" ">
   <subfield code="a">UPD</subfield>
   <subfield code="b">DMLR</subfield>
  </datafield>
  <datafield tag="942" ind1=" " ind2=" ">
   <subfield code="a">Electronic Resource</subfield>
  </datafield>
 </record>
</collection>
